[Event "DVM U16w 2023"]
[Site "Magdeburg GER"]
[Date "2023.12.27"]
[Round "1"]
[White "Reich, Elisabeth"]
[Black "Kern, Jennifer"]
[Result "1-0"]
[Termination "normal"]
[Board "8.1"]
[WhiteElo "1573"]
[BlackElo "1363"]
[WhiteClock "00:17:12"]
[BlackClock "00:02:13"]
[WhiteTeam "ATSV Oberkotzau"]
[BlackTeam "SC Bad Dürkheim-Wachenheim"]
[PlyCount "62"]
[WhiteFideId "16239776"]
[BlackFideId "16251350"]
[EventCountry "GER"]
[EventRounds "7"]
[EventType "team-swiss"]
[EventDate "2023.12.26"]

1. Nf3 {[%clk 01:30:57]} {[%emt 00:00:03]} Nf6 {[%clk 01:28:38]} {[%emt
00:02:22]} 2. g3 {[%clk 01:31:20]} {[%emt 00:00:07]} d5 {[%clk 01:27:59]}
{[%emt 00:01:09]} 3. Bg2 {[%clk 01:31:28]} {[%emt 00:00:20]} e6 {[%clk
01:26:42]} {[%emt 00:01:47]} 4. d3 {[%clk 01:31:28]} {[%emt 00:00:31]} Be7
{[%clk 01:25:31]} {[%emt 00:01:41]} 5. O-O {[%clk 01:31:44]} {[%emt 00:00:15]}
O-O {[%clk 01:17:11]} {[%emt 00:08:50]} 6. Nbd2 {[%clk 01:31:46]} {[%emt
00:00:27]} b6 {[%clk 01:11:28]} {[%emt 00:06:14]} 7. Re1 {[%clk 01:27:46]}
{[%emt 00:04:28]} Bb7 {[%clk 01:06:51]} {[%emt 00:05:08]} 8. c3 {[%clk
01:24:08]} {[%emt 00:04:09]} c5 {[%clk 01:03:47]} {[%emt 00:03:34]} 9. Qc2
{[%clk 01:19:05]} {[%emt 00:05:31]} Nbd7 {[%clk 01:01:05]} {[%emt 00:03:13]}
10. e4 {[%clk 01:15:04]} {[%emt 00:04:32]} Qc7 {[%clk 00:47:53]} {[%emt
00:13:42]} 11. exd5 {[%clk 01:06:30]} {[%emt 00:09:03]} Nxd5 {[%clk 00:46:54]}
{[%emt 00:01:29]} 12. Nc4 {[%clk 01:02:42]} {[%emt 00:04:17]} Rfd8 {[%clk
00:39:49]} {[%emt 00:07:35]} 13. Ne3 {[%clk 00:58:29]} {[%emt 00:04:43]} Nxe3
{[%clk 00:33:59]} {[%emt 00:06:21]} 14. Bxe3 {[%clk 00:56:18]} {[%emt
00:02:40]} Nf6 {[%clk 00:32:08]} {[%emt 00:02:21]} 15. d4 {[%clk 00:50:32]}
{[%emt 00:06:16]} Rac8 {[%clk 00:16:50]} {[%emt 00:15:48]} 16. dxc5 {[%clk
00:45:45]} {[%emt 00:05:17]} Bxc5 {[%clk 00:16:44]} {[%emt 00:00:37]} 17. Bxc5
{[%clk 00:45:59]} {[%emt 00:00:15]} Qxc5 {[%clk 00:16:46]} {[%emt 00:00:29]}
18. Rad1 {[%clk 00:39:21]} {[%emt 00:07:06]} Rxd1 {[%clk 00:10:57]} {[%emt
00:06:20]} 19. Rxd1 {[%clk 00:38:18]} {[%emt 00:01:32]} Be4 {[%clk 00:09:44]}
{[%emt 00:01:44]} 20. Qd2 {[%clk 00:35:34]} {[%emt 00:03:08]} h6 {[%clk
00:09:04]} {[%emt 00:01:16]} 21. a3 {[%clk 00:33:03]} {[%emt 00:03:01]} Bd5
{[%clk 00:07:43]} {[%emt 00:01:50]} 22. Qd4 {[%clk 00:28:14]} {[%emt 00:05:19]}
Qb5 {[%clk 00:06:59]} {[%emt 00:01:15]} 23. Qb4 {[%clk 00:27:47]} {[%emt
00:00:56]} Qe2 {[%clk 00:06:03]} {[%emt 00:01:26]} 24. Rd2 {[%clk 00:26:58]}
{[%emt 00:01:15]} Qa6 {[%clk 00:04:57]} {[%emt 00:01:41]} 25. Ne5 {[%clk
00:23:53]} {[%emt 00:03:31]} Bxg2 {[%clk 00:04:59]} {[%emt 00:00:30]} 26. Kxg2
{[%clk 00:24:14]} {[%emt 00:00:08]} Qb7+ {[%clk 00:04:56]} {[%emt 00:00:34]}
27. Kg1 {[%clk 00:22:14]} {[%emt 00:02:29]} Nd5 {[%clk 00:04:44]} {[%emt
00:00:43]} 28. Qe4 {[%clk 00:21:29]} {[%emt 00:01:11]} Qc7 {[%clk 00:03:49]}
{[%emt 00:01:30]} 29. c4 {[%clk 00:18:03]} {[%emt 00:03:55]} Nf6 {[%clk
00:03:28]} {[%emt 00:00:51]} 30. Qd4 {[%clk 00:18:07]} {[%emt 00:00:21]} Re8
{[%clk 00:02:53]} {[%emt 00:01:11]} 31. b3 {[%clk 00:17:12]} {[%emt 00:01:25]}
Qb7 {[%clk 00:02:13]} {[%emt 00:01:11]} *

[Event "DVM U16w 2023"]
[Site "Magdeburg GER"]
[Date "2023.12.27"]
[Round "1"]
[White "Melnyk, Viktoria"]
[Black "Hergenröder, Cora"]
[Result "0-1"]
[Termination "normal"]
[Board "8.2"]
[WhiteElo "989"]
[BlackElo "1500"]
[WhiteClock "00:09:21"]
[BlackClock "00:11:20"]
[WhiteTeam "SC Bad Dürkheim-Wachenheim"]
[BlackTeam "ATSV Oberkotzau"]
[PlyCount "64"]
[WhiteFideId "34674381"]
[BlackFideId "34603700"]
[EventCountry "GER"]
[EventRounds "7"]
[EventType "team-swiss"]
[EventDate "2023.12.26"]

1. e4 {[%clk 01:30:54]} {[%emt 00:00:04]} c6 {[%clk 01:30:53]} {[%emt
00:00:09]} 2. Nf3 {[%clk 01:30:59]} {[%emt 00:00:24]} d5 {[%clk 01:31:16]}
{[%emt 00:00:07]} 3. Nc3 {[%clk 01:29:21]} {[%emt 00:02:07]} dxe4 {[%clk
01:31:40]} {[%emt 00:00:07]} 4. Nxe4 {[%clk 01:29:32]} {[%emt 00:00:17]} Nf6
{[%clk 01:32:04]} {[%emt 00:00:07]} 5. Nxf6+ {[%clk 01:28:21]} {[%emt
00:01:41]} exf6 {[%clk 01:32:27]} {[%emt 00:00:07]} 6. Be2 {[%clk 01:25:18]}
{[%emt 00:03:33]} Bd6 {[%clk 01:32:34]} {[%emt 00:00:23]} 7. d4 {[%clk
01:22:21]} {[%emt 00:03:26]} O-O {[%clk 01:32:21]} {[%emt 00:00:44]} 8. c3
{[%clk 01:18:57]} {[%emt 00:03:52]} Re8 {[%clk 01:31:51]} {[%emt 00:01:02]} 9.
O-O {[%clk 01:17:47]} {[%emt 00:01:40]} Bg4 {[%clk 01:28:01]} {[%emt 00:04:20]}
10. Re1 {[%clk 01:14:02]} {[%emt 00:04:14]} Nd7 {[%clk 01:18:29]} {[%emt
00:10:03]} 11. Be3 {[%clk 01:02:46]} {[%emt 00:11:46]} Nf8 {[%clk 01:17:27]}
{[%emt 00:01:32]} 12. Nh4 {[%clk 00:59:01]} {[%emt 00:04:15]} Bxe2 {[%clk
01:12:43]} {[%emt 00:05:15]} 13. Rxe2 {[%clk 00:58:46]} {[%emt 00:00:45]} Qa5
{[%clk 01:07:39]} {[%emt 00:05:34]} 14. Qd3 {[%clk 00:54:28]} {[%emt 00:04:47]}
Qh5 {[%clk 01:02:40]} {[%emt 00:05:26]} 15. Nf3 {[%clk 00:53:29]} {[%emt
00:01:33]} Re7 {[%clk 00:55:07]} {[%emt 00:08:02]} 16. Rae1 {[%clk 00:49:46]}
{[%emt 00:04:10]} Rae8 {[%clk 00:54:12]} {[%emt 00:01:28]} 17. Bd2 {[%clk
00:43:14]} {[%emt 00:07:02]} Rxe2 {[%clk 00:52:18]} {[%emt 00:02:23]} 18. Rxe2
{[%clk 00:43:32]} {[%emt 00:00:12]} Rxe2 {[%clk 00:50:43]} {[%emt 00:02:05]}
19. Qxe2 {[%clk 00:43:51]} {[%emt 00:00:11]} Bxh2+ {[%clk 00:49:03]} {[%emt
00:02:11]} 20. Kf1 {[%clk 00:42:15]} {[%emt 00:02:05]} Bd6 {[%clk 00:49:13]}
{[%emt 00:00:20]} 21. Ke1 {[%clk 00:34:31]} {[%emt 00:08:13]} Qg6 {[%clk
00:42:42]} {[%emt 00:07:01]} 22. g3 {[%clk 00:30:29]} {[%emt 00:04:34]} Qb1+
{[%clk 00:42:24]} {[%emt 00:00:48]} 23. Qd1 {[%clk 00:29:42]} {[%emt 00:01:16]}
Qxa2 {[%clk 00:42:30]} {[%emt 00:00:26]} 24. Qc2 {[%clk 00:29:01]} {[%emt
00:01:09]} a5 {[%clk 00:36:09]} {[%emt 00:06:52]} 25. Bc1 {[%clk 00:25:08]}
{[%emt 00:04:22]} a4 {[%clk 00:34:24]} {[%emt 00:02:16]} 26. Kd1 {[%clk
00:24:02]} {[%emt 00:01:35]} Nd7 {[%clk 00:24:58]} {[%emt 00:09:57]} 27. Nd2
{[%clk 00:16:49]} {[%emt 00:07:43]} b5 {[%clk 00:15:36]} {[%emt 00:09:52]} 28.
Qe4 {[%clk 00:12:59]} {[%emt 00:04:19]} Qd5 {[%clk 00:15:34]} {[%emt 00:00:32]}
29. Qxd5 {[%clk 00:12:48]} {[%emt 00:00:40]} cxd5 {[%clk 00:16:00]} {[%emt
00:00:06]} 30. f4 {[%clk 00:11:11]} {[%emt 00:02:06]} f5 {[%clk 00:13:45]}
{[%emt 00:02:45]} 31. Kc2 {[%clk 00:10:20]} {[%emt 00:01:21]} Nf6 {[%clk
00:11:48]} {[%emt 00:02:28]} 32. b4 {[%clk 00:09:21]} {[%emt 00:01:28]} Ne4
{[%clk 00:11:20]} {[%emt 00:00:57]} *

[Event "DVM U16w 2023"]
[Site "Magdeburg GER"]
[Date "2023.12.27"]
[Round "1"]
[White "Leuchsenring, Delia"]
[Black "Dzutseva, Alana"]
[Result "1-0"]
[Termination "normal"]
[Board "8.3"]
[WhiteElo "1097"]
[BlackElo "897"]
[WhiteClock "00:22:38"]
[BlackClock "00:23:52"]
[WhiteTeam "ATSV Oberkotzau"]
[BlackTeam "SC Bad Dürkheim-Wachenheim"]
[PlyCount "97"]
[WhiteFideId "34605304"]
[BlackFideId "34674365"]
[EventCountry "GER"]
[EventRounds "7"]
[EventType "team-swiss"]
[EventDate "2023.12.26"]

1. e4 {[%clk 01:30:58]} {[%emt 00:00:02]} e5 {[%clk 01:30:54]} {[%emt
00:00:07]} 2. Nf3 {[%clk 01:31:21]} {[%emt 00:00:06]} Nc6 {[%clk 01:31:17]}
{[%emt 00:00:07]} 3. d4 {[%clk 01:31:38]} {[%emt 00:00:14]} d6 {[%clk
01:29:33]} {[%emt 00:02:14]} 4. dxe5 {[%clk 01:30:02]} {[%emt 00:02:06]} Bg4
{[%clk 01:25:45]} {[%emt 00:04:18]} 5. exd6 {[%clk 01:28:42]} {[%emt 00:01:50]}
Bxf3 {[%clk 01:23:45]} {[%emt 00:02:30]} 6. Qxf3 {[%clk 01:26:10]} {[%emt
00:03:02]} Bxd6 {[%clk 01:23:17]} {[%emt 00:00:58]} 7. Nc3 {[%clk 01:24:23]}
{[%emt 00:02:18]} Nf6 {[%clk 01:22:49]} {[%emt 00:00:58]} 8. Bb5 {[%clk
01:21:21]} {[%emt 00:03:32]} Be5 {[%clk 01:20:47]} {[%emt 00:02:31]} 9. Bd2
{[%emt 00:07:04]} Qd6 {[%clk 01:18:16]} {[%emt 00:00:01]} 10. O-O-O {[%clk
01:15:21]} {[%emt 00:02:56]} O-O-O {[%clk 01:17:02]} {[%emt 00:01:43]} 11. Be3
{[%clk 01:07:50]} {[%emt 00:08:02]} Qe6 {[%clk 01:15:56]} {[%emt 00:01:35]} 12.
Nd5 {[%clk 01:05:08]} {[%emt 00:03:13]} Ne7 {[%clk 01:01:50]} {[%emt 00:14:36]}
13. Bc4 {[%clk 00:59:04]} {[%emt 00:06:34]} Kb8 {[%clk 00:55:01]} {[%emt
00:07:19]} 14. Kb1 {[%clk 00:49:34]} {[%emt 00:10:01]} c6 {[%clk 00:52:11]}
{[%emt 00:03:19]} 15. Nb6 {[%clk 00:46:44]} {[%emt 00:03:21]} Ned5 {[%clk
00:44:43]} {[%emt 00:07:58]} 16. exd5 {[%clk 00:42:50]} {[%emt 00:04:24]} cxd5
{[%clk 00:44:23]} {[%emt 00:00:50]} 17. Nxd5 {[%clk 00:40:33]} {[%emt
00:02:47]} Qc8 {[%clk 00:37:38]} {[%emt 00:07:10]} 18. Nxf6 {[%clk 00:35:20]}
{[%emt 00:05:48]} Rxd1+ {[%clk 00:32:59]} {[%emt 00:05:09]} 19. Rxd1 {[%clk
00:33:32]} {[%emt 00:02:17]} Bxf6 {[%clk 00:31:49]} {[%emt 00:01:39]} 20. Bxf7
{[%clk 00:31:37]} {[%emt 00:02:26]} Qc7 {[%clk 00:29:52]} {[%emt 00:02:27]} 21.
Bf4 {[%clk 00:30:14]} {[%emt 00:01:53]} Be5 {[%clk 00:29:29]} {[%emt 00:00:52]}
22. Bxe5 {[%clk 00:29:14]} {[%emt 00:01:32]} Qxe5 {[%clk 00:29:13]} {[%emt
00:00:43]} 23. Qg3 {[%clk 00:27:48]} {[%emt 00:01:57]} Qxg3 {[%clk 00:28:31]}
{[%emt 00:01:12]} 24. hxg3 {[%clk 00:28:13]} {[%emt 00:00:05]} Rf8 {[%clk
00:28:36]} {[%emt 00:00:26]} 25. Rd7 {[%clk 00:27:37]} {[%emt 00:01:06]} Kc8
{[%clk 00:28:08]} {[%emt 00:00:58]} 26. Be6 {[%clk 00:27:47]} {[%emt 00:00:20]}
Kb8 {[%clk 00:27:21]} {[%emt 00:01:13]} 27. f4 {[%clk 00:26:30]} {[%emt
00:01:51]} Re8 {[%clk 00:26:45]} {[%emt 00:01:05]} 28. f5 {[%clk 00:26:36]}
{[%emt 00:00:25]} g6 {[%clk 00:26:57]} {[%emt 00:00:18]} 29. g4 {[%clk
00:25:05]} {[%emt 00:02:02]} h5 {[%clk 00:26:50]} {[%emt 00:00:37]} 30. b3
{[%clk 00:23:55]} {[%emt 00:01:41]} hxg4 {[%emt 00:00:24]} 31. Bf7 {[%clk
00:21:07]} {[%emt 00:03:15]} Re1+ {[%clk 00:26:35]} {[%emt 00:00:52]} 32. Kb2
{[%clk 00:21:32]} {[%emt 00:00:06]} gxf5 {[%emt 00:00:16]} 33. Bg6 {[%clk
00:19:58]} {[%emt 00:02:01]} f4 {[%clk 00:26:34]} {[%emt 00:00:47]} 34. Rf7
{[%clk 00:19:36]} {[%emt 00:00:52]} Rf1 {[%clk 00:25:56]} {[%emt 00:01:08]} 35.
Bh5 {[%clk 00:19:26]} {[%emt 00:00:40]} g3 {[%clk 00:24:59]} {[%emt 00:01:27]}
36. Bf3 {[%clk 00:19:45]} {[%emt 00:00:11]} Rxf3 {[%clk 00:24:16]} {[%emt
00:01:13]} 37. gxf3 {[%clk 00:20:03]} {[%emt 00:00:12]} a6 {[%clk 00:23:45]}
{[%emt 00:01:01]} 38. Rxf4 {[%clk 00:20:24]} {[%emt 00:00:08]} g2 {[%emt
00:00:50]} 39. Rg4 {[%clk 00:20:49]} {[%emt 00:00:03]} Ka7 {[%clk 00:23:32]}
{[%emt 00:00:25]} 40. f4 {[%clk 00:21:06]} {[%emt 00:00:13]} Kb6 {[%clk
00:23:41]} {[%emt 00:00:21]} 41. Rxg2 {[%clk 00:21:30]} {[%emt 00:00:07]} Ka5
{[%clk 00:23:49]} {[%emt 00:00:21]} 42. f5 {[%clk 00:21:03]} {[%emt 00:00:57]}
b6 {[%clk 00:23:17]} {[%emt 00:01:02]} 43. f6 {[%clk 00:21:05]} {[%emt
00:00:28]} Kb4 {[%clk 00:22:49]} {[%emt 00:00:57]} 44. Rg5 {[%clk 00:21:05]}
{[%emt 00:00:30]} b5 {[%clk 00:23:05]} {[%emt 00:00:15]} 45. f7 {[%clk
00:21:26]} {[%emt 00:00:09]} Ka5 {[%clk 00:23:13]} {[%emt 00:00:22]} 46. f8=Q
{[%clk 00:21:46]} {[%emt 00:00:10]} Kb6 {[%clk 00:23:39]} {[%emt 00:00:36]} 47.
Qd6+ {[%clk 00:22:31]} {[%emt 00:00:13]} Ka5 {[%clk 00:23:56]} {[%emt
00:00:13]} 48. Rg6 {[%clk 00:22:17]} {[%emt 00:00:43]} b4 {[%clk 00:23:52]}
{[%emt 00:00:35]} 49. Qxa6# {[%clk 00:22:38]} {[%emt 00:00:09]} 1-0

[Event "DVM U16w 2023"]
[Site "Magdeburg GER"]
[Date "2023.12.27"]
[Round "1"]
[White "Dzutseva, Dana"]
[Black "Köppel, Clementine"]
[Result "0-1"]
[Termination "normal"]
[Board "8.4"]
[WhiteElo "797"]
[BlackElo "1267"]
[WhiteClock "01:12:20"]
[BlackClock "01:04:52"]
[WhiteTeam "SC Bad Dürkheim-Wachenheim"]
[BlackTeam "ATSV Oberkotzau"]
[PlyCount "102"]
[WhiteFideId "34674373"]
[BlackFideId "34605819"]
[EventCountry "GER"]
[EventRounds "7"]
[EventType "team-swiss"]
[EventDate "2023.12.26"]

1. e4 {[%clk 01:30:56]} {[%emt 00:00:03]} e5 {[%clk 01:30:55]} {[%emt
00:00:06]} 2. Nf3 {[%clk 01:31:19]} {[%emt 00:00:07]} Nf6 {[%clk 01:31:14]}
{[%emt 00:00:11]} 3. Nc3 {[%clk 01:31:40]} {[%emt 00:00:09]} Nc6 {[%clk
01:31:36]} {[%emt 00:00:09]} 4. Bc4 {[%clk 01:31:46]} {[%emt 00:00:22]} Nxe4
{[%clk 01:31:35]} {[%emt 00:00:32]} 5. Nxe4 {[%clk 01:31:59]} {[%emt 00:00:18]}
d5 {[%clk 01:31:56]} {[%emt 00:00:08]} 6. Bxd5 {[%clk 01:32:18]} {[%emt
00:00:11]} Qxd5 {[%clk 01:32:13]} {[%emt 00:00:13]} 7. Nc3 {[%clk 01:32:38]}
{[%emt 00:00:10]} Qd8 {[%clk 01:32:19]} {[%emt 00:00:24]} 8. d3 {[%clk
01:32:54]} {[%emt 00:00:13]} Be7 {[%clk 01:29:37]} {[%emt 00:03:13]} 9. O-O
{[%clk 01:32:45]} {[%emt 00:00:38]} O-O {[%clk 01:29:40]} {[%emt 00:00:27]} 10.
h3 {[%clk 01:32:51]} {[%emt 00:00:24]} Bf5 {[%clk 01:27:35]} {[%emt 00:02:35]}
11. Be3 {[%clk 01:32:26]} {[%emt 00:00:54]} Re8 {[%clk 01:24:40]} {[%emt
00:03:24]} 12. d4 {[%clk 01:30:55]} {[%emt 00:02:02]} exd4 {[%clk 01:19:10]}
{[%emt 00:06:00]} 13. Nxd4 {[%clk 01:31:02]} {[%emt 00:00:23]} Nxd4 {[%clk
01:16:01]} {[%emt 00:03:40]} 14. Qxd4 {[%clk 01:29:40]} {[%emt 00:01:50]} Qxd4
{[%clk 01:15:50]} {[%emt 00:00:42]} 15. Bxd4 {[%clk 01:29:59]} {[%emt
00:00:11]} Bxc2 {[%clk 01:15:33]} {[%emt 00:00:46]} 16. Rac1 {[%clk 01:27:48]}
{[%emt 00:02:40]} c5 {[%clk 01:10:59]} {[%emt 00:05:06]} 17. Bxc5 {[%clk
01:27:15]} {[%emt 00:01:04]} Bxc5 {[%clk 01:11:20]} {[%emt 00:00:09]} 18. Rxc2
{[%clk 01:27:35]} {[%emt 00:00:10]} Rac8 {[%clk 01:09:48]} {[%emt 00:02:02]}
19. Re2 {[%clk 01:24:13]} {[%emt 00:03:52]} Bd4 {[%clk 01:05:56]} {[%emt
00:04:22]} 20. Rxe8+ {[%clk 01:22:27]} {[%emt 00:02:15]} Rxe8 {[%clk 01:06:16]}
{[%emt 00:00:10]} 21. Nb5 {[%clk 01:20:01]} {[%emt 00:02:55]} Bb6 {[%clk
01:03:58]} {[%emt 00:02:48]} 22. Nd6 {[%clk 01:18:27]} {[%emt 00:02:04]} Re2
{[%clk 01:02:55]} {[%emt 00:01:33]} 23. Nf5 {[%clk 01:16:07]} {[%emt 00:02:50]}
g6 {[%clk 01:02:07]} {[%emt 00:01:19]} 24. Ng3 {[%clk 01:14:54]} {[%emt
00:01:42]} Rxb2 {[%clk 01:02:26]} {[%emt 00:00:11]} 25. a4 {[%clk 01:14:55]}
{[%emt 00:00:28]} Ra2 {[%clk 01:02:04]} {[%emt 00:00:49]} 26. h4 {[%clk
01:14:36]} {[%emt 00:00:52]} Rxa4 {[%clk 01:02:14]} {[%emt 00:00:21]} 27. h5
{[%clk 01:14:48]} {[%emt 00:00:18]} Rg4 {[%clk 01:02:01]} {[%emt 00:00:38]} 28.
h6 {[%clk 01:14:27]} {[%emt 00:00:56]} Rxg3 {[%clk 01:01:52]} {[%emt 00:00:38]}
29. Re1 {[%clk 01:13:25]} {[%emt 00:01:30]} Kf8 {[%clk 01:02:13]} {[%emt
00:00:11]} 30. Kf1 {[%clk 01:13:34]} {[%emt 00:00:19]} Rg5 {[%clk 01:01:50]}
{[%emt 00:00:55]} 31. f3 {[%clk 01:11:34]} {[%emt 00:02:30]} Rh5 {[%clk
01:01:37]} {[%emt 00:00:44]} 32. Rd1 {[%clk 01:11:38]} {[%emt 00:00:23]} Rh1+
{[%clk 01:01:46]} {[%emt 00:00:21]} 33. Ke2 {[%clk 01:11:57]} {[%emt 00:00:12]}
Rxd1 {[%clk 01:02:13]} {[%emt 00:00:03]} 34. Kxd1 {[%clk 01:12:13]} {[%emt
00:00:16]} a5 {[%clk 01:02:21]} {[%emt 00:00:21]} 35. Kc2 {[%clk 01:11:51]}
{[%emt 00:00:51]} Ke7 {[%clk 01:02:49]} {[%emt 00:00:02]} 36. f4 {[%clk
01:11:48]} {[%emt 00:00:32]} a4 {[%clk 01:03:00]} {[%emt 00:00:21]} 37. Kb2
{[%clk 01:12:05]} {[%emt 00:00:12]} Bc5 {[%clk 01:03:15]} {[%emt 00:00:15]} 38.
Ka2 {[%clk 01:12:09]} {[%emt 00:00:25]} Ke6 {[%clk 01:03:34]} {[%emt 00:00:11]}
39. g4 {[%clk 01:11:41]} {[%emt 00:00:57]} f5 {[%clk 01:03:33]} {[%emt
00:00:33]} 40. g5 {[%clk 01:11:44]} {[%emt 00:00:25]} b5 {[%clk 01:03:53]}
{[%emt 00:00:11]} 41. Kb2 {[%clk 01:11:35]} {[%emt 00:00:39]} b4 {[%clk
01:04:06]} {[%emt 00:00:17]} 42. Kc2 {[%clk 01:11:21]} {[%emt 00:00:43]} Kd5
{[%clk 01:03:55]} {[%emt 00:00:39]} 43. Kb1 {[%clk 01:11:17]} {[%emt 00:00:37]}
b3 {[%clk 01:04:04]} {[%emt 00:00:19]} 44. Kb2 {[%clk 01:11:37]} {[%emt
00:00:11]} Kd4 {[%clk 01:03:57]} {[%emt 00:00:35]} 45. Kb1 {[%clk 01:11:52]}
{[%emt 00:00:17]} Kc3 {[%clk 01:04:09]} {[%emt 00:00:18]} 46. Kc1 {[%clk
01:11:40]} {[%emt 00:00:43]} b2+ {[%clk 01:03:41]} {[%emt 00:00:58]} 47. Kb1
{[%clk 01:11:58]} {[%emt 00:00:11]} a3 {[%clk 01:03:58]} {[%emt 00:00:13]} 48.
Ka2 {[%clk 01:12:11]} {[%emt 00:00:17]} Be3 {[%clk 01:03:36]} {[%emt 00:00:49]}
49. Kb1 {[%clk 01:12:01]} {[%emt 00:00:44]} a2+ {[%clk 01:04:04]} {[%emt
00:00:03]} 50. Kxa2 {[%clk 01:12:02]} {[%emt 00:00:28]} Kc2 {[%clk 01:04:25]}
{[%emt 00:00:07]} 51. Ka3 {[%clk 01:12:20]} {[%emt 00:00:13]} b1=Q {[%clk
01:04:52]} {[%emt 00:00:05]} 0-1

[Event "DVM U16w 2023"]
[Site "Magdeburg GER"]
[Date "2023.12.27"]
[Round "1"]
[White "Lohrmann, Flavia"]
[Black "Stepanjan, Marianne"]
[Result "0-1"]
[Termination "normal"]
[Board "9.1"]
[WhiteElo "1096"]
[BlackElo "1678"]
[WhiteClock "00:28:59"]
[BlackClock "00:56:04"]
[WhiteTeam "SK Freiburg-Zähringen 1887"]
[BlackTeam "TuRa Harksheide 1945 Norderstedt"]
[PlyCount "92"]
[WhiteFideId "12982865"]
[BlackFideId "16246110"]
[EventCountry "GER"]
[EventRounds "7"]
[EventType "team-swiss"]
[EventDate "2023.12.26"]

1. e4 {[%clk 01:30:57]} {[%emt 00:00:03]} c5 {[%clk 01:30:55]} {[%emt
00:00:04]} 2. Bc4 {[%clk 01:30:56]} {[%emt 00:00:32]} d6 {[%clk 01:31:11]}
{[%emt 00:00:15]} 3. Nc3 {[%clk 01:30:22]} {[%emt 00:01:04]} Nf6 {[%clk
01:31:27]} {[%emt 00:00:15]} 4. d3 {[%clk 01:30:01]} {[%emt 00:00:50]} e6
{[%clk 01:31:22]} {[%emt 00:00:34]} 5. Bg5 {[%clk 01:27:46]} {[%emt 00:02:44]}
Be7 {[%clk 01:31:37]} {[%emt 00:00:16]} 6. Bxf6 {[%clk 01:26:37]} {[%emt
00:01:39]} Bxf6 {[%clk 01:31:46]} {[%emt 00:00:22]} 7. Nf3 {[%clk 01:26:43]}
{[%emt 00:00:23]} O-O {[%clk 01:31:41]} {[%emt 00:00:35]} 8. O-O {[%clk
01:25:47]} {[%emt 00:01:25]} Nc6 {[%clk 01:31:35]} {[%emt 00:00:37]} 9. Rb1
{[%clk 01:21:04]} {[%emt 00:05:13]} a6 {[%clk 01:29:58]} {[%emt 00:02:08]} 10.
Re1 {[%clk 01:19:07]} {[%emt 00:02:26]} b5 {[%clk 01:25:15]} {[%emt 00:05:13]}
11. Bb3 {[%clk 01:17:13]} {[%emt 00:02:24]} Bb7 {[%clk 01:24:44]} {[%emt
00:01:01]} 12. a4 {[%clk 01:13:00]} {[%emt 00:04:43]} b4 {[%clk 01:18:09]}
{[%emt 00:07:04]} 13. Ne2 {[%clk 01:12:45]} {[%emt 00:00:45]} d5 {[%clk
01:16:05]} {[%emt 00:02:35]} 14. exd5 {[%clk 01:09:50]} {[%emt 00:03:25]} exd5
{[%clk 01:16:22]} {[%emt 00:00:13]} 15. Nf4 {[%clk 01:09:59]} {[%emt 00:00:21]}
Na5 {[%clk 01:10:21]} {[%emt 00:06:31]} 16. Ba2 {[%clk 01:08:58]} {[%emt
00:01:31]} c4 {[%clk 01:00:56]} {[%emt 00:09:56]} 17. dxc4 {[%clk 01:06:55]}
{[%emt 00:02:32]} dxc4 {[%clk 00:58:41]} {[%emt 00:02:44]} 18. Qe2 {[%clk
01:05:55]} {[%emt 00:01:30]} b3 {[%clk 00:57:11]} {[%emt 00:02:01]} 19. Rbd1
{[%clk 01:03:19]} {[%emt 00:03:05]} Qc7 {[%clk 00:57:26]} {[%emt 00:00:16]} 20.
Bb1 {[%clk 01:03:27]} {[%emt 00:00:21]} Qxf4 {[%clk 00:56:52]} {[%emt
00:01:04]} 21. cxb3 {[%clk 00:58:08]} {[%emt 00:05:49]} cxb3 {[%clk 00:56:08]}
{[%emt 00:01:14]} 22. Qd3 {[%clk 00:48:07]} {[%emt 00:10:30]} Qh6 {[%clk
00:55:20]} {[%emt 00:01:19]} 23. Re3 {[%clk 00:46:58]} {[%emt 00:01:38]} Rad8
{[%clk 00:55:10]} {[%emt 00:00:41]} 24. Qe2 {[%clk 00:43:50]} {[%emt 00:03:37]}
Rxd1+ {[%clk 00:55:06]} {[%emt 00:00:34]} 25. Qxd1 {[%clk 00:43:54]} {[%emt
00:00:26]} Bg5 {[%clk 00:54:21]} {[%emt 00:01:16]} 26. Re5 {[%clk 00:42:27]}
{[%emt 00:01:55]} Bd8 {[%clk 00:53:46]} {[%emt 00:01:07]} 27. Qd7 {[%clk
00:40:03]} {[%emt 00:02:54]} Bxf3 {[%clk 00:52:57]} {[%emt 00:01:19]} 28. Bd3
{[%clk 00:37:42]} {[%emt 00:02:50]} Qc1+ {[%clk 00:52:52]} {[%emt 00:00:35]}
29. Bf1 {[%clk 00:38:02]} {[%emt 00:00:10]} Bc6 {[%clk 00:52:38]} {[%emt
00:00:45]} 30. Qh3 {[%clk 00:36:44]} {[%emt 00:01:47]} Bxa4 {[%clk 00:52:26]}
{[%emt 00:00:43]} 31. Re2 {[%clk 00:32:08]} {[%emt 00:05:05]} Bb5 {[%clk
00:52:38]} {[%emt 00:00:18]} 32. Qe3 {[%clk 00:30:09]} {[%emt 00:02:30]} Qxe3
{[%clk 00:51:59]} {[%emt 00:01:09]} 33. Rxe3 {[%clk 00:30:27]} {[%emt
00:00:13]} Bxf1 {[%clk 00:52:24]} {[%emt 00:00:04]} 34. Kxf1 {[%clk 00:30:52]}
{[%emt 00:00:05]} f5 {[%clk 00:52:43]} {[%emt 00:00:11]} 35. f4 {[%clk
00:30:45]} {[%emt 00:00:36]} Nc4 {[%clk 00:53:07]} {[%emt 00:00:06]} 36. Re2
{[%clk 00:30:37]} {[%emt 00:00:38]} Ba5 {[%clk 00:53:28]} {[%emt 00:00:09]} 37.
Re6 {[%clk 00:28:01]} {[%emt 00:03:06]} Ra8 {[%clk 00:53:32]} {[%emt 00:00:26]}
38. Rc6 {[%clk 00:28:08]} {[%emt 00:00:25]} Nxb2 {[%clk 00:53:53]} {[%emt
00:00:07]} 39. Rc5 {[%clk 00:28:07]} {[%emt 00:00:32]} Nc4 {[%clk 00:54:02]}
{[%emt 00:00:20]} 40. Rxc4 {[%clk 00:27:37]} {[%emt 00:01:00]} b2 {[%clk
00:54:28]} {[%emt 00:00:05]} 41. Kf2 {[%clk 00:27:31]} {[%emt 00:00:34]} b1=Q
{[%clk 00:54:47]} {[%emt 00:00:11]} 42. Kg3 {[%clk 00:27:38]} {[%emt 00:00:24]}
Qb3+ {[%clk 00:55:07]} {[%emt 00:00:10]} 43. Rc3 {[%clk 00:27:55]} {[%emt
00:00:12]} Qxc3+ {[%clk 00:55:31]} {[%emt 00:00:06]} 44. Kh4 {[%clk 00:28:16]}
{[%emt 00:00:09]} Bd8+ {[%clk 00:55:44]} {[%emt 00:00:18]} 45. Kh5 {[%clk
00:28:37]} {[%emt 00:00:09]} g6+ {[%clk 00:56:09]} {[%emt 00:00:06]} 46. Kh6
{[%clk 00:28:59]} {[%emt 00:00:07]} Qg7# {[%clk 00:56:04]} {[%emt 00:00:04]}
0-1